Sports Quiz

Random Sports or NFL Quiz
Score 0/96 Timer 10:00
0 Plays Today
Hint Answer % Correct
New England PatriotsTom Brady
94.9%
Miami DolphinsDan Marino
90.3%
New York GiantsEli Manning
90.3%
Indianapolis ColtsPeyton Manning
90%
Denver BroncosPeyton Manning
90%
Cincinnati BengalsChad Johnson
89.2%
Detroit LionsCalvin Johnson
88.9%
Tennessee TitansChris Johnson
88.9%
Cincinnati BengalsRudi Johnson
88.6%
Houston TexansAndre Johnson
88.6%
Kansas City ChiefsLarry Johnson
88.6%
Dallas CowboysEmmitt Smith
86.9%
Carolina PanthersSteve Smith
86.9%
Jacksonville JaguarsJimmy Smith
86.6%
Denver BroncosRod Smith
86.6%
Minnesota VikingsRandy Moss
85.8%
Washington RedskinsSantana Moss
85.5%
Green Bay PackersAaron Rodgers
85.5%
Pittsburgh SteelersBen Roethlisberger
84.9%
Dallas CowboysTony Romo
84.6%
New Orleans SaintsDrew Brees
84.3%
Atlanta FalconsMatt Ryan
84%
Detroit LionsMatthew Stafford
83.2%
Minnesota VikingsAdrian Peterson
83.2%
San Diego ChargersLaDainian Tomlinson
81.8%
Cleveland BrownsJim Brown
81.2%
Oakland RaidersTim Brown
81.2%
Miami DolphinsRicky Williams
80.3%
Detroit LionsBarry Sanders
80.3%
Carolina PanthersDeAngelo Williams
80.3%
Philadelphia EaglesDonovan McNabb
79.8%
St. Louis RamsKurt Warner
77.8%
Hint Answer % Correct
Buffalo BillsO.J. Simpson
77.2%
New York JetsJoe Namath
76.1%
Cincinnati BengalsCarson Palmer
75.5%
Kansas City ChiefsTrent Green
74.9%
Dallas CowboysMichael Irvin
74.9%
Green Bay PackersAhman Green
74.9%
San Francisco 49ersJerry Rice
74.9%
Indianapolis ColtsMarvin Harrison
74.6%
Jacksonville JaguarsMaurice Jones Drew
74.6%
Houston TexansMatt Schaub
72.9%
Chicago BearsWalter Payton
72.9%
Pittsburgh SteelersBarry Foster
72.6%
Houston TexansArian Foster
72.6%
San Francisco 49ersFrank Gore
71.5%
Denver BroncosTerrell Davis
71.2%
Kansas City ChiefsDerrick Alexander
70.7%
Seattle SeahawksShaun Alexander
70.7%
New York GiantsTiki Barber
70.1%
New England PatriotsWes Welker
69.2%
Baltimore RavensJamal Lewis
68.7%
Indianapolis ColtsEdgerrin James
68.7%
Minnesota VikingsDaunte Culpepper
67.8%
Atlanta FalconsRoddy White
67.2%
Chicago BearsBrandon Marshall
67%
Seattle SeahawksMatt Hasselbeck
67%
New York JetsCurtis Martin
66.1%
New York GiantsVictor Cruz
65.8%
Tennessee TitansWarren Moon
65.8%
Oakland RaidersMarcus Allen
65%
St. Louis RamsEric Dickerson
62.4%
Oakland RaidersRich Gannon
61%
San Diego ChargersDan Fouts
60.4%
Hint Answer % Correct
Tampa Bay BuccaneersJosh Freeman
58.4%
Washington RedskinsAlfred Morris
57%
St. Louis RamsIsaac Bruce
56.1%
New England PatriotsCorey Dillon
55.3%
Jacksonville JaguarsMark Brunell
55.3%
Seattle SeahawksSteve Largent
52.7%
Green Bay PackersSterling Sharpe
49%
San Francisco 49ersJeff Garcia
48.7%
Atlanta FalconsJamal Anderson
48.4%
Arizona CardinalsOttis Anderson
48.4%
Buffalo BillsDrew Bledsoe
42.7%
New Orleans SaintsJoe Horn
37.6%
Baltimore RavensMichael Jackson
37.3%
Baltimore RavensVinny Testaverde
35.9%
Miami DolphinsMark Clayton
35.3%
Cleveland BrownsBraylon Edwards
35.3%
Buffalo BillsEric Moulds
28.5%
Arizona CardinalsDavid boston
27.4%
Cleveland BrownsBrian Sipe
25.1%
Carolina PanthersSteve Beuerlein
22.8%
San Diego ChargersLance Alworth
22.5%
New York JetsDon Maynard
21.9%
Arizona CardinalsNeil Lomax
18.8%
New Orleans SaintsGeorge Rogers
16.5%
Philadelphia EaglesWilbert Montgomery
16.2%
Tampa Bay BuccaneersJames Wilder
12.5%
Philadelphia EaglesMike Quick
12%
Chicago BearsErik Kramer
11.1%
Washington RedskinsJay Schroeder
10%
Pittsburgh SteelersYancey Thigpen
9.4%
Tampa Bay BuccaneersMark Carrier
6.8%
Tennessee TitansCharley Hennigan
5.4%
Remove Ads.
Support Sporcle.
Get the best of Sporcle when you Go Orange. This ad-free experience offers more features, more stats, and more fun while also helping to support Sporcle. Thank you for becoming a member.

You're not logged in!

Compare scores with friends on all Sporcle quizzes.
OR
Log In

Show Comments

Extras

Top Quizzes Today


Score Distribution

Your Account Isn't Verified!

In order to create a playlist on Sporcle, you need to verify the email address you used during registration. Go to your Sporcle Settings to finish the process.

Report this User

Report this user for behavior that violates our Community Guidelines.

Details: